[Event "SaitekSparc_Risc2500akt"]
[Site "Zürich"]
[Date "2019.01.03"]
[Round "3"]
[White "Saitek Sparc"]
[Black "Saitek Risc 2500 aktiv"]
[Result "1-0"]
[WhiteElo "2254"]
[BlackElo "2247"]
[Annotator "KUT"]
[PlyCount "114"]
[EventDate "2019.01.01"]

1. d4 d5 {Match 120'/40 | Bediener: Rolf Bühler | 3. Partie | ECO: D15,
Damengambit (Slawische Verteidigung) | Weiss gewinnt | Zwischenstand: 1½:1½ 
(+1 -1 =1) unentschieden | Es gibt bessere Eröffnungsvarianten als was der
Saitek Sparc mit Weiss aus dem Buch spielt. Und als sich Weiss gar für eine
Abwicklung entschied, die ihm auf der e-Linie einen Trippelbauer beschert,
haben wir innerlich dem Risc 2500 akt den Punkt schon gutgeschrieben. Das
erwies sich indessen als voreilig, denn die weisse Stellung war nach dem
unsachgemässen Damentausch nicht zu knacken. Und nach einigen
Unpässlichkeiten des Risc 2500 akt wäre für Weiss gar ein Gewinn möglich
gewesen. So verflachte die Partie mit jedoch unverändert etwas besseren
Chancen für Weiss dank Beherrschung der offenen c-Linie. Ins Verderben
führte den Risc 2500 aktiv aber schliesslich sein Angebot des Turmtausches.
Der Saitek Sparc packte die günstige Gelegenheit, tauschte die Türme und
brachte mit einem Bauerndurchbruch seinem Springer optimale Aktivität,
wodurch die schwach gewordenen schwarzen Bauern zur Beute wurden, was dem
Weissen einen leichten Sieg ermöglichte.} 2. c4 dxc4 3. Nf3 Nf6 4. Nc3 {
***ENDE BUCH***} c6 5. Ne5 Nbd7 {***ENDE BUCH***} 6. Nxc4 b5 {Damit trifft der
Risc 2500 akt ins Schwarze, denn diese Variante hat für Weiss keinen guten
Ruf.} 7. Ne5 {Noch die beste Wahl.} b4 (7... Nxe5 {Abweichung} 8. dxe5 Qxd1+ 9.
Nxd1 Nd7 10. Bf4 Bb7 11. a4 e6 12. e3 Bb4+ 13. Nc3 bxa4 14. Rxa4 a5 15. Ra2 Nc5
16. Ke2 Rd8 17. Kf3 Nb3 18. Be2 c5+ 19. Kg3 O-O 20. Nb5 Rd2 21. Bc4 Bd5 22.
Bxd5 exd5 23. Nd6 c4 24. e4 Rd3+ 25. f3 Bxd6 26. exd6 dxe4 27. Rf1 Nd4 28. Be5
exf3 29. gxf3 Nf5+ 30. Kf2 Rd2+ 31. Kg1 Rd5 32. Bc3 Nxd6 33. Rxa5 Nb5 34. Bb4
Rb8 35. Rfa1 Rdd8 36. Be7 Re8 37. Bc5 Rec8 38. Be3 Rd8 39. Bf4 Rb7 40. R1a4 Nd4
41. Rd5 Ne6 42. Rxd8+ Nxd8 43. Ra8 f6 44. Rxd8+ Kf7 45. Bc1 Ke6 46. Ra8 g5 47.
Kf2 Rb6 48. f4 gxf4 49. Kf3 Kf5 50. Ra5+ Kg6 51. Kxf4 Rb3 52. Ra3 h5 53. Rxb3
cxb3 54. h4 Kg7 55. Kf5 Kf7 56. Bh6 Ke7 57. Bg7 Kd6 58. Bxf6 Kd5 59. Kg5 Ke6 {
Aufgegeben 1-0 (59) Saitek Sparc (2254)-Saitek Risc 2500 normal (2247) Zürich
2018}) 8. Nxd7 Qxd7 9. Na4 e5 {Die modernen Engines (Januar 2019) ziehen
diesen Vorstoss dem langsamen ...e6 vor. Und in der Tat ist das vorsichtige ...
e6 besser.} (9... e6 10. e3 Qd5 11. Qb3 Be7 12. f3 O-O 13. Bd2 Rb8 14. Rc1 Rd8
15. Qxd5 cxd5 16. Bd3 Nd7 17. Rc7 Rb7 18. Rc1 Bd6 19. Kf2 Rb8 20. b3 Bb7 21.
Rc2 Rdc8 22. Rhc1 Rxc2 23. Rxc2 Kf8 24. h3 Ke7 25. Nc5 Bxc5 26. dxc5 Ne5 27.
Be2 Bc6 28. Bc1 f6 29. Bb2 Nd7 30. f4 h6 31. g4 a5 32. h4 a4 33. g5 hxg5 34.
hxg5 axb3 35. axb3 Ra8 36. gxf6+ gxf6 37. Bc1 Ra1 38. Bd2 Rb1 39. Bxb4 Rxb3 40.
Bd2 e5 41. Bg4 d4 42. Bxd7 Kxd7 43. fxe5 fxe5 44. exd4 exd4 45. Rc4 d3 46. Rd4+
Kc7 47. Ke3 Bb5 48. Rb4 Rxb4 49. Bxb4 Kc6 {1/2-1/2 (49) Silva Sanchez,C (2407)
-Van Wely,L (2646) ICC INT 2000}) 10. Be3 $6 {Eine seltsame Fortsetzung, zumal
Schwarz nach der folgenden Antwort gar eine Spur besser steht.} (10. dxe5 Qxd1+
11. Kxd1 Ng4 12. Ke1 Nxe5 13. b3 Ba6 14. Bb2 Nd7 15. Rc1 Bb5 16. g3 c5 17. Bg2
Rc8 $15 {mit allenfalls noch minimalem Vorteil für Schwarz}) 10... Ng4 11.
dxe5 $6 {Was ist los mit dem Saitek Sparc. Hat der noch nie etwas von
schwachen Bauern gehört. Und hier lässt er gar einen Trippelbauer zu.} Nxe3
12. fxe3 Qxd1+ {Hier ist ausnahmsweise der Tausch der Damen nur die zweite
Wahl. Ausnahmsweise deshalb, weil bei derart schwachen Bauern des Gegners der
Übergang in ein dameloses Spiel meistens eine gute Strategie darstellt. Im
vorliegenden Fall besitzt Schwarz jedoch das Läuferpaar und bald spürbaren
Entwicklungsvorsprung nach ...Dc7. Und diese Umstände wären dem Schwarzen
zugutegekommen.} (12... Be7 13. g3 O-O 14. Qxd7 Bxd7 15. Bg2 Rac8 16. Rd1 Be6
17. b3 Rfe8 18. Rf1 Rc7 19. Rf4 Rb8 20. Nb2 Bg5 21. Rfd4 c5 22. R4d3 Re8 23. h4
Be7 24. Bd5 Bg4 25. Nc4 Bf8 26. Be4 Rb8 27. Bf3 Be6 28. Bd5 Bf5 29. e4 Bg4 30.
Ne3 Bc8 31. Nf5 g6 32. Nd6 Bg4 33. Rc1 Bg7 34. Nxf7 Rxf7 35. Rxc5 Re8 36. Bxf7+
Kxf7 37. Rdd5 Re7 38. Kf2 Ke6 39. Ke3 Kf7 40. Rb5 h5 41. Kd4 Be6 42. Rd6 Bc8
43. e3 Bb7 44. Rc5 Bh8 45. Ra5 Bg7 46. Rb5 Bh8 47. Rc5 Bg7 48. Rd8 Ke6 49. Ra5
Kf7 50. Rb5 Ke6 51. Rc5 Kf7 52. Ra5 Ke6 53. Rg8 Kf7 54. Rxg7+ Kxg7 55. Rxa7 Kf7
56. Kc5 Bxe4 57. Rxe7+ Kxe7 58. Kxb4 Ke6 59. Kc3 Kxe5 60. Kd2 Kf5 61. Ke2 Bd5
62. Ke1 Kg4 63. Kf2 Kh3 64. b4 Bxa2 65. Kf3 Bd5+ 66. e4 Bc6 67. Kf4 Bd7 68. e5
Kg2 69. b5 Bxb5 70. g4 Kh3 71. gxh5 gxh5 72. Kg5 Be8 73. e6 Kg3 74. e7 Kh3 75.
Kf4 Kxh4 76. Kf5 Kg3 77. Kf6 h4 78. Kg7 {0-1 (78) Saitek Sparc (2254)-Saitek
Risc 2500 solid (2247) Zürich 2019 [KUT]}) 13. Rxd1 Be6 {Entwicklung mit Tempo
durch Angriff auf den a2-Bauer.} 14. b3 Be7 {Schematische Entwicklung, was das
gegnerische Spiel erleichtert.} (14... h5 {sieht stark aus, weil Weiss nach}
15. g3 {was sonst, wenn man sich entwickeln will} Bd5 16. Rg1 h4 17. gxh4 Rxh4
18. Bg2 Bxg2 19. Rxg2 {fast nur noch schwache Bauern besitzt und einer dieser
Bauern über kurz oder lang sein Leben wird hergeben müssen.}) (14... Rb8 15.
g3 Bd5 16. Rg1 Rb5 17. Bh3 g6 18. Rf1 Bg7 19. e4 Bxe4 20. Rd7 O-O 21. e6 f5 22.
g4 Bf6 23. gxf5 gxf5 24. Rg1+ Kh8 25. Kf1 Re8 26. Rf7 Bd4 27. Rg5 Be3 28. Rgg7
f4 29. Bg2 Bg6 30. Re7 Rh5 31. h3 Rf8 32. Rd7 Bf5 33. e7 Re8 34. Rd8 Kxg7 35.
Rxe8 Kf7 36. Rg8 Kxe7 37. Rg7+ Kf8 38. Rb7 Bxh3 39. Bxh3 Rxh3 40. Kg2 Rg3+ 41.
Kh2 Bd2 42. Rd7 Be1 43. Rxh7 Re3 44. Kg2 Kg8 45. Rxa7 Rxe2+ 46. Kf3 Rxa2 47.
Rc7 Rf2+ 48. Ke4 f3 49. Rxc6 Rf1 50. Rc8+ Kf7 51. Rc7+ Kg6 52. Rc6+ Kh5 53. Nc5
Bg3 54. Rc8 f2 55. Kf5 Kh6 56. Ne6 Kh7 57. Rf8 Be5 58. Rf7+ Kh6 59. Ng5 Bg7 60.
Ne4 Kh7 61. Rd7 Kg8 62. Rd8+ Kf7 63. Rd7+ Ke8 64. Rb7 Bc3 65. Kf4 Kd8 66. Kf3
Rb1 67. Kxf2 Bd4+ 68. Kf3 Rxb3+ 69. Kf4 Rb2 70. Kf5 Bc3 71. Ke6 Re2 72. Kd5 Rg2
73. Nd6 Ra2 74. Kc6 Ra6+ 75. Kd5 Ra1 76. Kc6 Ra6+ 77. Kd5 Ra1 78. Kc6 Ra6+ {
½-½ (78) Saitek Sparc (2254)-Saitek Risc 2500 offensiv (2247) Zürich 2018})
15. g3 Bd5 16. Rg1 O-O 17. Bg2 {Eine erstaunliche Stellung, die man von
allgemeinen Standpunkten betrachtet, vor allem langfristig, als vorteilhaft
für Schwarz einschätzen könnte. Eine konkrete Analyse zeigt jedoch, dass
Weiss nichts zu fürchten hat.} Rfd8 $6 {Das schlägt gar zum Vorteil des
Gegners aus.} (17... Bxg2 {sichert den Ausgleich} 18. Rxg2 Bg5 19. Nb2 Bxe3 20.
Nc4 Bc5 21. e3 $11) 18. Bxd5 Rxd5 $6 {Weil nach dem folgenden Turmtausch die
weissen Figuren besser zusammenspielen, verdient 18...cxd5 den Vorzug.} 19.
Rxd5 cxd5 20. Kf2 h5 {Erstaunlicherweise stellt 20...Tc8 keine genügende
Verteidigung dar.} (20... Rc8 21. Rd1 Rc2 22. Rxd5 Rxa2 23. Rd7 Bf8 24. Rxa7
Ra3 25. Ra8 g6 (25... Rxb3 $2 26. Nc5 Ra3 27. Rd8 Ra7 28. Nd7 $18) 26. Re8 Kg7
27. Nb6 Bc5 28. Nd5 Rxb3 29. Rc8 Bf8 (29... Ba7 30. Rc7 Bb8 31. e6 $4) 30. Rc7
Ra3 31. e6 $18) 21. Rd1 Rd8 22. Rd4 g6 23. h4 $6 ({Stark ist} 23. e4 $1 dxe4
24. Rxd8+ Bxd8 25. Ke3 Kf8 26. Kxe4 Ke7 27. Kd5 {und der weisse
Stellungsvorteil sollte zum Sieg ausreichen.}) 23... Kf8 24. Nb2 Bc5 25. Rd1
Bb6 26. Nd3 d4 {Die beste Verteidigung} (26... a5 {wird beanwortet mit} 27. Rc1
Re8 28. Rc6 Re6 29. Rd6 Bc7 30. Rxd5 Rc6 31. Nc5 Ke7 32. Nb7 Ke6 33. Rb5 Rc2
34. Nxa5 Bxe5 35. Rxb4 Rxa2 {mit excellenten Gewinnchancen für Weiss}) 27. e4
a5 28. Rc1 Re8 29. Rc6 Re6 {Noch hält Schwarz alles zusammen} 30. Rc4 Ke8 31.
Kg2 {Begibt sich aus der Schusslinie des schwarzen Läufers; das gleiche Ziel
war jedoch mit dem etwas besseren Kf3 zu erreichen.} Re7 32. Rc6 Re6 33. Rc8+
Kd7 34. Rc4 {Weiss hat keine Fortschritte machen können und nur erreicht,
dass der schwarze König die Einbruchsfelder c7 und d8 für den gegnerischen
Turm beherrscht. Nun galt es, die Stellung ruhig zu halten mit 34...Kd8 und
später ...La7 und ...Lb6. Ich kann mir nicht vorstellen, wie es dem Saitek
Sparc dann gelungen wäre, einen Gewinn aus der Stellung zu quetschen. Leider
begeht nun der Risc 2500 akt Selbstmord.} Rc6 $2 {Schwarz will dem Gegner die
c-Linie streitig machen und willigt in den Turmtausch ein. Der Risc 2500 aktiv
verkennt jedoch völlig, dass er mit einer erzwungenen Abwicklung ein
verlorenes Endspiel erhält.} 35. Rxc6 Kxc6 36. e6 $1 {Der Saitek Sparc packt
seine Chance, macht das Feld e5 frei und aktiviert so seinen Springer für
sein tödliches Eingreifen.} fxe6 (36... f6 {ist keine Verteidigung wegen} 37.
Nf4 Bd8 (37... Kd6 38. e7 Kd7 39. Nxg6 $18) 38. Nxg6 Kd6 39. e7 Bxe7 40. Nxe7
Kxe7 41. g4 $18) 37. Ne5+ Kd6 38. Nxg6 {Der Kampf ist entschieden. Weiss droht
Sf4 gefolgt von Sxh5 mit zwei Mehrbauern.} e5 {Verhindert zwar Sf4, bringt
aber trotzdem keine Rettung, weil Weiss nun seinen h-Bauer zu einem Freibauer
avancieren kann.} 39. g4 hxg4 40. h5 d3 {Aktiviert seinen Läufer, aber es ist
zu spät.} (40... Ke6 41. h6 Kf6 42. h7 {und der schwarze König kann die
Umwandlung nicht verhindern}) 41. exd3 Be3 42. Nh4 Ke6 43. Nf5 Bg5 44. Kg3 Bd8
45. Kxg4 {Mit den zwei Mehrbauern ist der Rest für den Saitek Sparc nur noch
eine Sache der Technik.} Kf6 46. Ne3 Kg7 47. Kf5 Kh6 48. Ng4+ Kxh5 49. Nxe5 Bb6
50. Nc4 Bd8 51. Ke6 Kg4 52. Kd7 Bg5 53. Nxa5 Kf4 54. Nc6 Bf6 55. Nxb4 Bg7 56.
a4 Bf8 57. Nd5+ Kg5 {Schwarz gibt auf} 1-0

[Event "SaitekSparc_Risc2500akt"]
[Site "Zürich"]
[Date "2019.01.04"]
[Round "4"]
[White "Saitek Risc 2500 aktiv"]
[Black "Saitek Sparc"]
[Result "1-0"]
[WhiteElo "2247"]
[BlackElo "2254"]
[Annotator "KUT"]
[PlyCount "124"]
[EventDate "2019.01.01"]

1. d4 Nf6 {Match 120'/40 | Bediener: Rolf Bühler | 4. Partie | ECO: A52,
Budapester Gambit (Hauptvariante) | Weiss gewinnt | Zwischenstand: 2½:1½ (+2
-1 =1) für den Risc 2500 aktiv | Die Eröffnungsgurus haben gute Arbeit
geleistet. Nach 16 Zügen steht eine typische Mittel-/Endspielstellung aus dem
Budapester Gambit auf dem Brett. Weiss hat das Läuferpaar und am
Königsflügel die Bauernmehrheit, hinkt aber gefahrlos dem Gegner noch etwas
hinterher. Schwarz hat leichtes Figurenspiel und besitzt die Bauernmehrheit am
Damenflügel. Die einzige offene Linie hat Schwarz mit seinem Turm bereits
unter Kontrolle. Die Stellung befindet sich dynamisch im Gleichgewicht. Die
Hauptaufgabe von Schwarz muss darin bestehen, das gegnerische Läuferpaar
nicht übermächtig werden zu lassen. Das gelingt dem Saitek Sparc und die
Partie befindet sich bis über den 40. Zug hinaus im Gleichgewicht, obwohl es
Schwarz gelungen war, auf a2 einen weit vorgerückten und lästigen Freibauer
zu kreieren. Dann überschlagen sich die Ereignisse. Zuerst ist es der Saitek
Sparc, der auf das gewinnträchtige Schlagen des weissen b5-Bauer verzichtet.
Bald darauf negiert Schwarz die wichtige Überdeckung des Feldes f5 und
erlaubt dem Risc 2500 aktiv den Sieg verheissenden Vorstoss f4-f5. Die
erreichte Gewinnstellung wird aber in den Sand gesetzt, doch der Saitek Sparc
findet eine ausgleichende Wendung nicht und erhält wieder eine verlorene
Stellung. Auf eine wohl ungewollt als Falle kaschierte Variante des Saitek
Sparc fällt der Risc 2500 aktiv herein, also Remis. Allerdings stolpert der
Saitek Sparc im allerletzt möglichen Moment dann doch noch und muss nach
einer feinen Kombination des Risc 2500 aktiv die Waffen strecken.} 2. c4 e5 3.
dxe5 Ng4 4. Bf4 Nc6 5. Nf3 Bb4+ 6. Nbd2 Qe7 7. a3 Ngxe5 8. Nxe5 Nxe5 9. e3
Bxd2+ 10. Qxd2 d6 11. Rc1 O-O (11... b6 $5) 12. c5 dxc5 13. Qd5 Ng6 14. Bg3 {
***ENDE BUCH***} Rd8 (14... Qf6 $5) 15. Qxc5 Qxc5 16. Rxc5 c6 {***ENDE BUCH***}
17. Bc4 {Persönlich gefällt mir 17.Le2 besser, um den Läufer auf die
Diagonale h1-a8 zu entwickeln, wo er grosse Kraft ausübt.} (17. Be2 Be6 18. h4
h6 19. h5 Ne7 20. e4 f6 (20... Rd4 21. f3 Rad8 22. Bf4 f6 23. Be3 R4d7 24. Rc3
b6 25. b4 Kh7 26. a4 Kh8 27. Kf2 f5 28. g4 fxe4 29. fxe4 Kh7 30. Rhc1 Kh8 31.
g5 Kh7 32. Ra3 Rb8 33. Rcc3 Rdd8 34. a5 Rb7 35. axb6 axb6 36. Ra6 Rf8+ 37. Kg3
hxg5 38. Bxg5 Kh8 39. Bxe7 Rxe7 40. Rxc6 Bg8 41. Raxb6 Rxe4 42. Ba6 Re3+ 43.
Kh2 Rf2+ 44. Kg1 Rb2 45. h6 g5 46. Rc5 Rg3+ 47. Kf1 Rf3+ 48. Ke1 Rh3 49. Bb7
Rhh2 50. Rc1 Rhe2+ 51. Kf1 Rf2+ 52. Kg1 Rf4 53. Bc8 Rfxb4 54. Rd6 Rh4 55. Bf5
Rhh2 56. Be4 Rhe2 57. Bf3 Re3 58. Rf6 g4 59. Bg2 Rg3 60. Rf2 Rb6 61. Rd2 Kh7
62. Kf2 Ra3 63. Bc6 Kxh6 64. Rd6+ Kg7 65. Kg1 Bh7 66. Rd7+ Kh6 67. Bg2 Bg6 68.
Rd4 Kg5 69. Rd5+ Kh4 70. Rd2 Rd3 71. Re2 Rbd6 72. Bb7 Rd1+ 73. Re1 R1d2 74. Bg2
R6d3 75. Rf1 Kg3 76. Bb7 Rb3 77. Bc6 Rbb2 78. Ra1 Kh4 79. Bh1 g3 80. Ra4+ Kh3
81. Bf3 Bh5 82. Be4 Bg4 83. Ra7 Rb5 84. Rh7+ Rh5 85. Rc7 Re2 86. Bb7 Rh6 87.
Bd5 Rh8 88. Bh1 Rh4 89. Bc6 Ra2 90. Re7 Rh6 91. Bd5 Rd2 92. Bh1 Rh5 93. Rfe1
Rf2 94. R1e3 Rc2 95. Re1 Rd2 96. Bb7 Ra2 97. Rf1 Rc2 98. Rfe1 Rh2 99. Rf1 {
½-½ (99) Saitek Risc 2500 offensiv (2247)-Saitek Sparc (2254) Zürich 2018})
21. Bf4 b6 22. Rc3 c5 23. f3 f5 24. exf5 Nxf5 25. Kf2 Nd4 26. Ba6 Bc8 27. Bf1
Be6 28. Ba6 Bc8 29. Bf1 {1/2-1/2 (29) Lesiege,A (2325)-St Amand,P Quebec 1990})
17... Bd7 {mit der aus menschlicher Sicht logischen Idee, ...b6 gefolgt von ...
c5 zu spielen.} (17... Be6 {Entwicklung mit Angriff und eine gut akzeptable
Option, denn nach} 18. Bxe6 fxe6 19. Ke2 Rd5 $14 {ist der weisse Vorteil
minimal}) 18. Ke2 (18. Bc7 {Abweichung} Rdc8 19. Bd6 Rd8 20. Bg3 b6 21. Rg5 Re8
22. O-O Be6 23. Bxe6 Rxe6 24. Rd1 h6 25. Rh5 Ree8 26. Kf1 Rad8 27. Rxd8 Rxd8
28. Ke2 f6 29. b4 Kf7 30. f3 Ke6 31. e4 Ne5 32. Bxe5 fxe5 33. g3 Rd4 34. Ke3
Rd1 35. f4 exf4+ 36. gxf4 Ra1 37. Kd4 Rxa3 38. f5+ Kf6 39. e5+ Kf7 40. f6 a5
41. Rf5 Kf8 42. e6 gxf6 43. bxa5 Ra4+ 44. Kc3 Rxa5 45. Rxf6+ Ke7 46. Rxh6 Re5
47. h4 Rxe6 48. Rh7+ Kf6 49. Rh8 Kg6 50. Rb8 b5 51. Rh8 Re4 52. Kd3 Kg7 53. Rc8
Rc4 54. h5 Kh6 55. Rh8+ Kg5 56. h6 Kg6 57. Ke3 b4 58. Kd2 c5 59. Kd3 Rd4+ 60.
Kc2 Rh4 61. Kc1 Rxh6 62. Rc8 Rh5 63. Kc2 Kf6 64. Rc6+ Ke7 65. Kb2 Kd7 66. Rb6
Rh3 67. Rb8 Kd6 68. Rd8+ Ke5 69. Re8+ Kd5 70. Rd8+ Kc4 71. Rd2 b3 72. Rd1 Rh2+
73. Kb1 Kb4 74. Re1 c4 75. Re4 {Aufgegeben 0-1 (75) Saitek Risc 2500 normal 
(2247)-Saitek Sparc (2254) Zürich 2018}) 18... b6 19. Rg5 Bc8 20. Rc1 Rd7 21.
h4 Bb7 22. h5 Nf8 23. Be5 Ne6 24. Rg4 Kf8 25. h6 g6 26. Bf6 a5 {Eher hätte
man 26...c5 erwartet, was die schöne Diagonale a8-h1 für den Lb7 öffnet.}
27. f3 c5 28. b3 (28. a4 {war ein Versuch wert, um die schwarze Bauernmehrheit
lahmzulegen.}) 28... Nc7 {Plant offenbar, die schwarze Bauernmehrheit mit ...
b5 in Bewegung zu setzen.} 29. e4 {Nun wäre 29.a4 wohl Pflicht gewesen.} a4
30. b4 cxb4 31. axb4 Ne6 32. Ke3 a3 {Am bequemsten im Sinne von Ausgleich war
32...Tc7} 33. Ra1 Nc7 34. b5 Ne8 35. Bc3 Nd6 36. Bd3 {Stattdessen versprach 36.
Lb4 weissen Vorteil.} a2 {Ein lästiger Bauer, der sich nur durch die
gleichzeitige Aufgabe des eigenen b5-Bauer eliminieren lässt.} 37. e5 Nc8 38.
Bb4+ Ne7 39. Rd4 (39. Bc4 Bd5 $15) (39. Bd6 Ke8 40. Rd4 Ra5 41. g4 $11) 39...
Rxd4 40. Kxd4 Bc8 41. Kc3 Be6 42. Be4 Ra7 43. Kb2 Ke8 {So wie es aussieht,
kann keiner der Kontrahenten etwas Vorteilhaftes aus der Stellung quetschen.}
44. Bd2 (44. g4 {ist eine gute Alternative, um den gegnerischen Figuren das
Feld f5 unzulänglich zu machen.}) 44... Bc4 45. g4 $6 {Im falschen Moment} Kd7
$6 {Weshalb der Saitek Sparc auf die gewinnträchtige Chance mit 45...Lxb5
verzichtet, bleibt ein Rätsel.} 46. f4 Ke6 47. Bc3 Nd5 $2 {Der Springer
entfernt sich von der Überdeckung des Feldes f5 womit der Saitek Sparc seinen
Untergang gräbt.} 48. f5+ {Diesen natürlichen Vorstoss und seine Folgen hat
der Saitek Sparc offenbar völlig falsch eingeschätzt.} Ke7 {Schlagen auf f5
ist schlechter.} (48... gxf5 49. Bxf5+ Ke7 50. Bd2 Bxb5 51. Bxh7 Kf8 52. Rxa2
Rxa2+ 53. Kxa2 Bd7 54. g5 $18) 49. Bd2 Kf8 50. Rc1 $1 {Stark und entscheidend}
gxf5 51. Bxf5 Bxb5 52. Bxh7 Ra4 53. Bc2 {Dass 53.Lf5 deutlich stärker ist,
spielt schon keine Rolle mehr, denn Weiss steht auch nach dem Textzug auf
Gewinn.} Rxg4 54. Kxa2 $2 {Und beinahe vergeigt Weiss die Partie noch zum
Remis. Dabei hätte 54.h7 sofort alles klar gemacht.} (54. h7 Kg7 55. Bf5 Rg2
56. Rc8 $1 $18) 54... Bc4+ 55. Kb1 $2 {Vergibt fast vollständig seinen
Vorteil, der mit 55.Ka1! oder auch 55.Kb2 festzuhalten war.} (55. Ka1 Kg8 56.
h7+ Kh8 57. Bf5 Rd4 58. Bg5 Ba6 59. Rc6 Rd1+ 60. Kb2 Rf1 61. Be4 Rf2+ 62. Ka3
$18) 55... b5 $2 {Verpasst eine Riesenchance für den Ausgleich.} (55... Kg8
56. h7+ Kh8 57. Bf5 Rd4 58. Bg5 {funktioniert hier nicht wegen} Bd3+ {denn
dieses rettende Schachgebot hat Schwarz nicht, stünde der König auf a1 oder
b2} 59. Bxd3 Rxd3 60. Rh1 Rb3+ 61. Kc2 Rc3+ 62. Kd2 Rf3 63. Ke2 Rf5 $11 {
und Ausgleich}) 56. Kb2 Rg2 {Bei einem Menschen würde man jetzt sagen, dass
Schwarz noch eine raffinierte Falle stellt ...} (56... Kg8 $2 57. Ra1 $1 {
gewinnt sofort}) 57. Ra1 $2 {... auf die Weiss doch tatsächlich noch
hereinfällt} Nb6 $4 {Im letzten Moment stürzt der Saitek Sparc doch noch ab.}
(57... Rxd2 {auch ...Ld3 genügt zum Remis} 58. Ra8+ Ke7 59. h7 Bd3 60. h8=Q
Rxc2+ {Remis, denn Weiss kann sich dem Dauerschach der schwarzen Figuren nicht
entziehen}) 58. h7 Kg7 59. e6 $1 {Die siegreiche weisse Pointe: Diesen Bauer
darf Schwarz wegen Lc3+ nebst Umwandlung nicht schlagen. Und auch ...Txd2 geht
nicht wegen Tg1+ Kh8, Tg8 matt. So bleibt nur noch ...f6, was aber ebenso
wenig genügt.} f6 60. Ra7+ Kh8 61. Bc3 Rf2 62. Bd4 {Angriff auf den Sb6, der
sich wegen Ta8 nicht bewegen darf.} Nc8 {Schwarz gibt auf} 1-0